|
|
|
|
| LEADER |
01018nam a22002897a 4500 |
| 001 |
27763 |
| 003 |
BD-DhAAL |
| 008 |
131120s2013 fi ||| | b||| 00| 0 eng d |
| 020 |
|
|
|a 9789521076695
|
| 020 |
|
|
|a 9789521076701
|
| 024 |
|
|
|a 1798-9140
|
| 024 |
|
|
|a 1798-9132
|
| 024 |
|
|
|a 1798-9140
|
| 040 |
|
|
|a BD-DhAAL
|d BD-DhAAL
|
| 082 |
|
|
|2 22
|a 301
|
| 100 |
|
|
|a Uddin, Mohammad Jasim
|9 3543
|
| 245 |
|
|
|a Microcredit, gender and neoliberal development in Bangladesh
|c Mohammad Jasim Uddin
|
| 260 |
|
|
|a Helsinki :
|b The Helsinki University Press,
|c 2013
|
| 300 |
|
|
|a viii, 241 p :
|b ill. ;
|c 25 cm.
|
| 490 |
|
|
|a Publications of the department of social research 2013:2
|
| 504 |
|
|
|a Includes bibliographical references [p. 215-241]
|
| 541 |
|
|
|e 27763
|
| 650 |
|
|
|a Sociology
|9 3544
|
| 852 |
|
|
|a Ayesha Abed Library
|
| 942 |
|
|
|2 ddc
|c BK
|
| 999 |
|
|
|c 14095
|d 14095
|
| 952 |
|
|
|0 0
|1 0
|2 ddc
|4 0
|6 301_000000000000000_UDD
|7 0
|9 23712
|a BRACUL
|b BRACUL
|c GEN
|d 2013-11-20
|l 3
|m 4
|o 301 UDD
|p 3010027763
|r 2022-08-02
|s 2022-06-29
|t 1
|w 2013-11-20
|y BK
|